|
|
|
|
| LEADER |
00000cam a2200000 7i4500 |
| 001 |
0000004948 |
| 005 |
20220105104008.0 |
| 008 |
070730 |
| 020 |
|
|
|a 9831438290
|
| 090 |
0 |
0 |
|a JP
|b FT ENG (5251)
|
| 245 |
0 |
0 |
|a Bedtime tales for kids :
|b Book lII
|c Editorial Board
|
| 260 |
|
|
|a Selangor :
|b Penerbit Mega Setia Emas Sdn Bhd ,
|c 2006
|
| 300 |
|
|
|a Vol.1
|
| 440 |
|
0 |
|a Self-access reading series
|
| 500 |
|
|
|a Children age 4-6 years old (yellow)
|
| 650 |
|
0 |
|a Fairy tales
|
| 650 |
|
0 |
|a Junior fiction
|x English
|x Languages
|
| 710 |
0 |
|
|a Editorial Board
|
| 999 |
|
|
|a 0000972074
|b Book
|c Children Collection
|e Cawangan Taman Universiti
|
| 999 |
|
|
|a 0000972078
|b Book
|c Children Collection
|e Cawangan Taman Universiti
|